Missing Word: Beer A-Z Quiz Stats

 Plays Quiz Updated Nov 3, 2015

Challenge
Share
Tweet
Embed
Score 0/26 Timer 03:00
0 Plays Today
Hint Answer % Correct
Samuel ____Adams
96.5%
____ MoonBlue
95.6%
____ StripeRed
87.2%
____ Blue RibbonPabst
86%
Miller High ____Life
85.6%
Dos ____Equis
80.7%
Sierra ____Nevada
71.2%
St. Pauli ____Girl
67.4%
____ ExtraCorona
64.7%
Shock ____Top
58.3%
____ TireFat
57.7%
Dogfish ____Head
50.6%
Natural ____Ice
44.4%
Hint Answer % Correct
____ Speckled HenOld
43.9%
Pliny the ____Younger
40.9%
Negra ____Modelo
40%
Anchor ____Steam
34.6%
Pilsner ____Urquell
28.4%
____ EdgeJagged
26.8%
____ IchibanKirin
26.2%
Moose ____Drool
17.1%
____ DustZombie
12.5%
Berliner ____Weisse
9%
____ BitterVictoria
7%
Cerveza ____Quilmes
2.8%
____ Black BeerXingu
2.7%

Today's Daily Dose

You're not logged in!

Compare scores with friends on all Sporcle quizzes.
OR
Log In

You Might Also Like...

Show Comments

Extras

Top Quizzes Today


Score Distribution

Your Account Isn't Verified!

In order to create a playlist on Sporcle, you need to verify the email address you used during registration. Go to your Sporcle Settings to finish the process.

Report this User

Report this user for behavior that violates our Community Guidelines.

Details: